| 000 | 00988nam a2200229Ia 4500 | ||
|---|---|---|---|
| 003 | OSt | ||
| 005 | 20200819101210.0 | ||
| 008 | 191128s1958 sp gr 000 0 spa d | ||
| 040 |
_aCo-JMCR _cCo-JMCR |
||
| 041 | 0 | _aspa | |
| 082 | 0 | 4 |
_a368.2 / _bC677t _223 |
| 100 | 1 |
_aCortés Giró, Vicente, _eautor _98896 |
|
| 245 | 1 | 0 |
_aTransportes y Seguros de Mercancías : _ben el Mar, Tierra y Aire / _c Vicente Cortés Giró |
| 260 |
_aBarcelona : _bBosh casa editorial, _c1958. |
||
| 300 |
_a340 páginas ; _c18 cm. |
||
| 500 | _aIncluye índice de autores, índice alfabético. | ||
| 505 | 0 | _aMercancias -- Transporte marítimo de mercancías -- Seguro marítimo de mercancías -- Jurisprudencia maritíma -- Transporte por carretera -- Transporte por ferrocarril -- Transportes combinados -- Juntas de tasas -- Seguros en transporte terrestre | |
| 650 | 2 | 4 |
_aTransportes terrestres _98897 |
| 650 | 2 | 4 |
_aSeguros _xTransportes maritímos _98898 |
| 650 | 2 | 4 |
_aSeguros _98558 |
| 942 |
_2ddc _cBK |
||
| 999 |
_c6006 _d6006 |
||